[Event "Take it easy"]
[Site "SchemingMind.com"]
[Date "2008.08.09"]
[Round "-"]
[White "fouche"]
[Black "jake"]
[Result "1-0"]
[WhiteCountry "COL"]
[BlackCountry "USA"]
[WhiteElo "1667"]
[WhiteRD "74"]
[BlackElo "990"]
[BlackRD "73"]
[GameID "166740"]

1. e4 Nf6 2. e5 Ne4 3. d4 Nxf2 4. Kxf2 e6 5. Nf3 c5 6. c3 d5 7. Bd3 cxd4 8. cxd4 Nc6 9. Be3 Nb4 10. Nc3 Nxd3+
11. Qxd3 Bb4 12. Qb5+ Bd7 13. Qxb4 f6 14. Rhf1 fxe5 15. dxe5 d4 16. Nxd4 Rf8+ 17. Kg1 Qc7 18. Rxf8#
1-0

[Event "Take it easy"]
[Site "SchemingMind.com"]
[Date "2008.08.09"]
[Round "-"]
[White "jake"]
[Black "fouche"]
[Result "0-1"]
[WhiteCountry "USA"]
[BlackCountry "COL"]
[WhiteElo "997"]
[WhiteRD "72"]
[BlackElo "1682"]
[BlackRD "70"]
[GameID "166741"]

1. e3 Nf6 2. d4 e6 3. Bc4 d5 4. Bb5+ Bd7 5. Qd3 a6 6. Bxd7+ Nbxd7 7. c4 c5 8. Nf3 Rc8 9. Nc3 cxd4 10. Qxd4 Bc5
11. Qf4 O-O 12. Ne5 Bd6 13. Nxd5 Nxd5 14. cxd5 exd5 15. O-O Nxe5 16. Rd1 Qa5 17. Qd4 Rfd8 18. e4 dxe4 19. Qxe4 Qb4 20. Bd2 Qxe4
21. Re1 Qg4 22. f3 Nxf3+ 23. Kf1 Nxd2+ 24. Kf2 Bc5+ 25. Re3 Ne4+ 26. Kf1 Bxe3
0-1

[Event "Take it easy"]
[Site "SchemingMind.com"]
[Date "2008.08.10"]
[Round "-"]
[White "sthorwall"]
[Black "fouche"]
[Result "1-0"]
[WhiteCountry "USA"]
[BlackCountry "COL"]
[WhiteElo "1704"]
[WhiteRD "58"]
[BlackElo "1645"]
[BlackRD "70"]
[GameID "166786"]

1. e4 c6 2. d4 d5 3. f3 dxe4 4. fxe4 e6 5. Nf3 Nd7 6. Be2 Bb4+ 7. c3 Ba5 8. b4 Bb6 9. Bf4 Ngf6 10. Nbd2 O-O
11. Qc2 h6 12. Nc4 Re8 13. Rd1 Nf8 14. Nxb6 axb6 15. Ne5 N6d7 16. O-O Qe7 17. a4 f6 18. Nc4 e5 19. dxe5 Nxe5 20. Nxb6 Ra7
21. Be3 Be6 22. Nc8 Rxc8 23. Bxa7 Ra8 24. Bc5 Qf7 25. Bxf8 Qxf8 26. Rd6 Qxd6 27. a5 Qc7 28. Rd1 Rd8 29. Rd2 Rxd2 30. Qxd2 Qd7
31. Qd4 Qxd4+ 32. cxd4 Nc4 33. Kf2 Na3 34. Bf3 Bf7 35. Bg4 Nc2 36. Bc8 Nxb4 37. Bxb7 Bc4 38. Ke3 Kf7 39. Kd2 Bb5 40. Kc3 Na6
41. d5 cxd5 42. exd5 Ke7 43. Kd4 Kd6 44. Ba8 Nb4 45. Bb7 Ba6 46. Bxa6 Nxa6 47. Ke4 Nb4 48. Kf5 Nxd5 49. Kg6 Kc6 50. Kxg7 h5
51. h4 Kd6 52. Kg6 Ke5 53. Kxh5 Nf4+= 54. Kh6 Kd6 55. g3 Nd5 56. h5 Ne3 57. Kg6
1-0

[Event "Take it easy"]
[Site "SchemingMind.com"]
[Date "2008.08.10"]
[Round "-"]
[White "sthorwall"]
[Black "jake"]
[Result "1-0"]
[WhiteCountry "USA"]
[BlackCountry "USA"]
[WhiteElo "1700"]
[WhiteRD "75"]
[BlackElo "997"]
[BlackRD "72"]
[GameID "166787"]

1. d4 c6 2. e4 d5 3. Nc3 dxe4 4. Nxe4 Bf5 5. Bd3 Qa5+ 6. Bd2 Qd5 7. Nf3 e5 8. Qe2 Bd6 9. Nxd6+ Qxd6 10. Bxf5 Nd7
11. Bxd7+ Qxd7 12. Qxe5+ Ne7 13. Qxg7 Rg8 14. Qxh7 Qf5 15. Qxf5 Nxf5 16. O-O Rxg2+ 17. Kxg2 Rd8 18. Bg5 Rd5 19. Rae1+ Kf8 20. Re5 Ne7
21. Bxe7+ Kg7 22. Rg5+ Kh6 23. Rxd5 cxd5 24. Ne5
1-0

[Event "Take it easy"]
[Site "SchemingMind.com"]
[Date "2008.08.11"]
[Round "-"]
[White "fouche"]
[Black "sthorwall"]
[Result "1-0"]
[WhiteCountry "COL"]
[BlackCountry "USA"]
[WhiteElo "1682"]
[WhiteRD "70"]
[BlackElo "1700"]
[BlackRD "75"]
[GameID "166788"]

1. c4 f5 2. Nc3 Nf6 3. Nf3 d5 4. cxd5 Nxd5 5. d4 Nc6 6. e3 f4 7. Bb5 Nxc3 8. bxc3 a6 9. Ba4 b5 10. Bc2 e6
11. O-O fxe3 12. fxe3 Bd6 13. e4 O-O 14. e5 Be7 15. a4 b4 16. Bb2 bxc3 17. Bxc3 Rb8 18. Qd3 a5 19. Qxh7+ Kf7 20. Bg6#
1-0

[Event "Take it easy"]
[Site "SchemingMind.com"]
[Date "2008.08.10"]
[Round "-"]
[White "jake"]
[Black "sthorwall"]
[Result "0-1"]
[WhiteCountry "USA"]
[BlackCountry "USA"]
[WhiteElo "990"]
[WhiteRD "73"]
[BlackElo "1790"]
[BlackRD "127"]
[GameID "166789"]

1. e3 e5 2. d4 exd4 3. Qe2 dxe3 4. Qxe3+ Qe7 5. Nc3 Qxe3+ 6. fxe3 Nf6 7. Nf3 d5 8. Bb5+ Bd7 9. Ne5 Bxb5 10. Nxb5 Bd6
11. Nxd6+ cxd6 12. Rf1 dxe5 13. Rf5 Nc6 14. e4 dxe4 15. b4 O-O-O 16. Bb2 Nd4 17. Bxd4 exd4 18. Rc5+ Kb8 19. Rb1 Nd5 20. Rxd5 Rxd5
21. c4 dxc3 22. Rc1 Rc8 23. h4 Rd2 24. g4 Rh2 25. g5 Rxh4 26. Rxc3 Rxc3
0-1

[Event "Take it easy"]
[Site "SchemingMind.com"]
[Date "2008.08.12"]
[Round "-"]
[White "Archon"]
[Black "fouche"]
[Result "1-0"]
[WhiteCountry "CAN"]
[BlackCountry "COL"]
[WhiteElo "1740"]
[WhiteRD "56"]
[BlackElo "1682"]
[BlackRD "70"]
[GameID "167013"]

1. Nf3 d5 2. c4 d4 3. g3 c5 4. Bg2 Nc6 5. O-O Nf6 6. d3 e5 7. e3 Bd6 8. exd4 cxd4 9. Bg5 O-O 10. Na3 a6
11. c5 Bc7 12. Nc4 h6 13. Bxf6 Qxf6 14. Re1 Re8 15. Nfd2 Bd7 16. Qb3 Rab8 17. Ne4 Qd8 18. Ncd6 Re6 19. Rac1 Kh7 20. Nxf7 Qf8
21. Nfg5+ hxg5 22. Nxg5+ Kh8 23. Nxe6 Bxe6 24. Qxe6 Re8 25. Qh3+ Kg8 26. Be4 Qf6 27. Qh7+ Kf8 28. Bg6 Re6 29. Qh8+ Ke7 30. Qe8#
1-0

[Event "Take it easy"]
[Site "SchemingMind.com"]
[Date "2008.08.12"]
[Round "-"]
[White "Archon"]
[Black "jake"]
[Result "1-0"]
[WhiteCountry "CAN"]
[BlackCountry "USA"]
[WhiteElo "1736"]
[WhiteRD "54"]
[BlackElo "990"]
[BlackRD "73"]
[GameID "167014"]

1. Nf3 e6 2. c4 Nf6 3. g3 d5 4. d4 dxc4 5. Qa4+ c6 6. Qxc4 Ne4 7. Bg2 e5 8. Nxe5 Qd6 9. Qxf7+ Kd8 10. Qc4 Bf5
11. Nf7+ Kd7 12. Nxd6 Nxd6 13. Qb3 Nb5 14. Be3 Nxd4 15. Bxd4 c5 16. Bxg7 Bxg7 17. Qf7+ Kd6 18. Qxg7 Re8 19. Nc3 Nc6 20. O-O-O+ Nd4
21. e3 Re7 22. Qf6+ Kd7 23. exd4 cxd4 24. Qxf5+ Kd6 25. Rxd4+ Kc7 26. Qc5+ Kb8 27. Rd8#
1-0

[Event "Take it easy"]
[Site "SchemingMind.com"]
[Date "2008.08.13"]
[Round "-"]
[White "Archon"]
[Black "sthorwall"]
[Result "1-0"]
[WhiteCountry "CAN"]
[BlackCountry "USA"]
[WhiteElo "1740"]
[WhiteRD "56"]
[BlackElo "1700"]
[BlackRD "75"]
[GameID "167015"]

1. Nf3 f5 2. g3 c5 3. c4 Nc6 4. Bg2 e6 5. d3 d5 6. Nc3 d4 7. Nb1 Nf6 8. O-O Bd6 9. Bg5 h6 10. Bxf6 Qxf6
11. Na3 O-O 12. Nc2 Bd7 13. e3 Rae8 14. Rb1 Ne5 15. Nxe5 Bxe5 16. b4 cxb4 17. Rxb4 b6 18. h4 dxe3 19. Nxe3 f4 20. Ng4 Qe7
21. Nxe5 Qxb4 22. Nxd7 Rf5 23. g4 Ra5 24. Be4 Rxa2 25. g5 Qd6 26. Nf6+ gxf6 27. gxf6 Kh8 28. Qh5 Qf8 29. Qg6 Qg8 30. f7 Qxg6+
31. Bxg6 Rf8 32. h5 f3 33. Re1 Re2 34. Ra1 a5 35. Rb1 a4 36. Ra1 Rb2 37. Rxa4 Re2 38. Rb4 Re5 39. Rxb6 Kg7 40. d4 Re1+=
41. Kh2 Rf1 42. Kg3 Rg1+ 43. Kxf3 Rxg6 44. hxg6 Kxg6 45. Rxe6+ Kxf7 46. Re4
1-0

[Event "Take it easy"]
[Site "SchemingMind.com"]
[Date "2008.08.12"]
[Round "-"]
[White "fouche"]
[Black "Archon"]
[Result "1-0"]
[WhiteCountry "COL"]
[BlackCountry "CAN"]
[WhiteElo "1682"]
[WhiteRD "70"]
[BlackElo "1740"]
[BlackRD "56"]
[GameID "167016"]

1. c4 e5 2. Nc3 d6 3. d3 f5 4. e4 Nf6 5. Be2 Nc6 6. Bg5 Be7 7. Nf3 O-O 8. O-O Qe8 9. a3 a5 10. Bxf6 Rxf6
11. Nd5 Rh6 12. b4 axb4 13. axb4 Rxa1 14. Qxa1 f4 15. Nxc7 Qd8 16. Nd5 Bg4 17. Re1 Bf8 18. b5 Nd4 19. Nxd4 Qh4 20. Bxg4 Qxg4
21. Nf3 Qc8 22. Qa5
1-0

[Event "Take it easy"]
[Site "SchemingMind.com"]
[Date "2008.08.12"]
[Round "-"]
[White "jake"]
[Black "Archon"]
[Result "0-1"]
[WhiteCountry "USA"]
[BlackCountry "CAN"]
[WhiteElo "990"]
[WhiteRD "73"]
[BlackElo "1736"]
[BlackRD "54"]
[GameID "167017"]

1. g3 d5 2. Bg2 e5 3. e4 Nf6 4. Qf3 Be6 5. exd5 Bxd5 6. Ke2 Bxf3+ 7. Bxf3 Bc5 8. Bxb7 Nbd7 9. Nc3 Rb8 10. Bc6 O-O
11. Nf3 e4 12. Nxe4 Nxe4 13. Bxe4 Nf6 14. Ng5 Qd4 15. Bxh7+ Nxh7 16. Nf3 Qxf2+ 17. Kd3 Qxf3+ 18. Kc4 Qxh1 19. d4 Bxd4 20. Kxd4 Rfd8+
21. Ke3 Nf6 22. b3 Qe4+ 23. Kf2 Ng4+ 24. Kg1 Rd1#
0-1

[Event "Take it easy"]
[Site "SchemingMind.com"]
[Date "2008.08.13"]
[Round "-"]
[White "sthorwall"]
[Black "Archon"]
[Result "1-0"]
[WhiteCountry "USA"]
[BlackCountry "CAN"]
[WhiteElo "1700"]
[WhiteRD "75"]
[BlackElo "1740"]
[BlackRD "56"]
[GameID "167018"]

1. Nc3 d5 2. e4 d4 3. Nce2 e5 4. Ng3 Be6 5. Nf3 f6 6. Be2 Nh6 7. O-O c5 8. b3 Bd6 9. Bc4 Bxc4 10. bxc4 O-O
11. d3 Nf7 12. Rb1 Qc8 13. Ba3 Nc6 14. Qd2 b6 15. Rb3 Ncd8 16. c3 Ne6 17. Nf5 Rd8 18. cxd4 cxd4 19. Bxd6 Nxd6 20. Ne7+
1-0

[Event "Take it easy"]
[Site "SchemingMind.com"]
[Date "2008.08.12"]
[Round "-"]
[White "tacticrules"]
[Black "fouche"]
[Result "0-1"]
[WhiteCountry "GER"]
[BlackCountry "COL"]
[WhiteElo "1563"]
[WhiteRD "71"]
[BlackElo "1682"]
[BlackRD "70"]
[GameID "167020"]

1. e4 e6 2. d4 d5 3. e5 c5 4. c3 Nc6 5. Nf3 Qb6 6. a3 cxd4 7. cxd4 Nge7 8. Nc3 Nf5 9. Bb5 Bd7 10. Bxc6 bxc6
11. O-O c5 12. Na4 Qc7 13. Be3 cxd4 14. Bxd4 Be7 15. Rc1 Qb7 16. Nc5 Qc6 17. Re1 O-O 18. Ne4 Qb5 19. Nf6+ gxf6 20. exf6 Bd6
21. Ng5 h6 22. Qg4 Kh8 23. Nf3 Rg8 24. Qh5 Raf8 25. Bc3 Bf4
0-1

[Event "Take it easy"]
[Site "SchemingMind.com"]
[Date "2008.08.12"]
[Round "-"]
[White "tacticrules"]
[Black "jake"]
[Result "1-0"]
[WhiteCountry "GER"]
[BlackCountry "USA"]
[WhiteElo "1567"]
[WhiteRD "73"]
[BlackElo "990"]
[BlackRD "73"]
[GameID "167021"]

1. e4 Nf6 2. Nc3 e5 3. Nf3 Bc5 4. Nxe5 d6 5. Nc4 Qe7 6. d3 Bg4 7. Be2 Nxe4 8. Nxe4 Nc6 9. O-O Bf5 10. Ng3 Bxf2+
11. Rxf2 Nd4 12. Nxf5 Nxf5 13. Rxf5 d5 14. Re5 f6 15. Rxe7+ Kxe7 16. Ne3 Rhd8 17. Bg4 Rf8 18. Nxd5+ Kf7 19. Nxc7 Rac8 20. Bf4 g5
21. Bxc8 Rxc8 22. Qh5+ Kg8 23. Re1 Rxc7 24. Re8+ Kg7 25. Bxc7
1-0

[Event "Take it easy"]
[Site "SchemingMind.com"]
[Date "2008.08.12"]
[Round "-"]
[White "tacticrules"]
[Black "Archon"]
[Result "0-1"]
[WhiteCountry "GER"]
[BlackCountry "CAN"]
[WhiteElo "1587"]
[WhiteRD "68"]
[BlackElo "1718"]
[BlackRD "54"]
[GameID "167022"]

1. e4 d6 2. d4 Nf6 3. Nc3 g6 4. Nf3 Bg7 5. h3 O-O 6. Be3 a6 7. Qd2 b5 8. Bd3 Bb7 9. O-O-O b4 10. Na4 Nxe4
11. Qxb4 Qc8 12. h4 Nf6 13. Bg5 Nbd7 14. Nc3 c5 15. dxc5 Nxc5 16. Rhe1 Bxf3 17. gxf3 Nxd3+ 18. Rxd3 Rb8 19. Qa5 Qb7 20. b3 Qd7
21. Bd2 Rfc8 22. Qa4 Qxa4 23. Nxa4 Rc7 24. Kb1 Ne8 25. Ba5 Rcb7 26. Nb2 Bf6 27. Re4 Nc7 28. Bxc7 Rxc7 29. Ra4 Rbc8 30. Rc4 Bxb2
31. Rxc7 Rxc7 32. Kxb2 Kg7 33. c4 Kf6 34. Rd5 Rb7 35. Kc3 h5 36. b4 Rb6 37. a4 Ke6 38. f4 Kf6 39. c5 dxc5 40. Rxc5 Ke6
41. Kc4 Rd6 42. Re5+ Kf6 43. Kc3 Rd1 44. Kc2 Rf1 45. b5 axb5 46. Rxb5 Rxf2+ 47. Kb3 Rd2 48. a5 Rd1 49. Rb6+ Kf5 50. Rb4 Rd8
51. Ka4 Ra8 52. Kb5 e5 53. fxe5 Kxe5 54. a6 Kd6 55. Ka5 f6 56. Rb6+ Ke5 57. Rb7 g5 58. hxg5 fxg5 59. Rb5+ Kf4 60. Rb4+ Kf5
61. Rb5+ Kf6 62. Rb6+ Kf5 63. Rb5+ Kg4 64. Rb4+ Kg3 65. Rb3+ Kh4 66. Rb4+ g4 67. Kb6 Kh3 68. Kb7 Rxa6 69. Kxa6 g3 70. Rb8 h4
71. Kb5 g2 72. Rg8 Kh2
0-1

[Event "Take it easy"]
[Site "SchemingMind.com"]
[Date "2008.08.13"]
[Round "-"]
[White "tacticrules"]
[Black "sthorwall"]
[Result "0-1"]
[WhiteCountry "GER"]
[BlackCountry "USA"]
[WhiteElo "1563"]
[WhiteRD "71"]
[BlackElo "1700"]
[BlackRD "75"]
[GameID "167023"]

1. e4 d5 2. exd5 Nf6 3. d4 e6 4. dxe6 Bxe6 5. Nf3 c5 6. Bb5+ Nc6 7. O-O Qb6 8. Bxc6+ Qxc6 9. dxc5 Bxc5 10. Nc3 Rd8
11. Qe2 O-O 12. h3 Bc4 13. Qe5 Rfe8 14. Qg3 Bxf1 15. Kxf1 Ne4 16. Nxe4 Qxe4 17. Bg5 Rc8 18. Re1 Qxc2 19. Bf6 Qd3+ 20. Kg1 Rxe1+
21. Nxe1 Qxg3
0-1

[Event "Take it easy"]
[Site "SchemingMind.com"]
[Date "2008.08.12"]
[Round "-"]
[White "fouche"]
[Black "tacticrules"]
[Result "1-0"]
[WhiteCountry "COL"]
[BlackCountry "GER"]
[WhiteElo "1682"]
[WhiteRD "70"]
[BlackElo "1563"]
[BlackRD "71"]
[GameID "167024"]

1. e4 c5 2. Nf3 d6 3. d4 cxd4 4. Nxd4 Nf6 5. Nc3 Nc6 6. Be3 e6 7. Bd3 a6 8. Qd2 Be7 9. f3 Qc7 10. O-O-O O-O
11. g4 Ne5 12. Qe2 Nxd3+ 13. Qxd3 b5 14. Kb1 Bb7 15. h4 Rac8 16. h5 b4 17. Na4 Rfd8 18. g5 Ne8 19. g6 fxg6 20. hxg6 h6
21. Bxh6 gxh6 22. Rxh6 Ng7 23. Rdh1 Ne8 24. Nxe6 Qd7 25. Rh8#
1-0

[Event "Take it easy"]
[Site "SchemingMind.com"]
[Date "2008.08.12"]
[Round "-"]
[White "jake"]
[Black "tacticrules"]
[Result "0-1"]
[WhiteCountry "USA"]
[BlackCountry "GER"]
[WhiteElo "990"]
[WhiteRD "73"]
[BlackElo "1567"]
[BlackRD "73"]
[GameID "167025"]

1. d4 d5 2. Qd3 Nf6 3. Bf4 c6 4. Nf3 e6 5. Nc3 Nbd7 6. O-O-O Be7 7. e4 dxe4 8. Qc4 exf3 9. gxf3 Nb6 10. Qd3 Nbd5
11. Be3 Qa5 12. Nxd5 Nxd5 13. Rg1 Qxa2 14. Kd2 Qxb2 15. Bh3 Bb4+ 16. Ke2 Nc3+ 17. Kd2 Nxd1+ 18. Kxd1 Qb1+ 19. Bc1 Bd7 20. Rxg7 O-O-O
21. Qb3 Qxb3 22. cxb3 f5 23. Bg5 Rdg8 24. Rxg8+ Rxg8 25. Bf4 Ba5 26. b4 Bxb4 27. Bxf5 exf5
0-1

[Event "Take it easy"]
[Site "SchemingMind.com"]
[Date "2008.08.12"]
[Round "-"]
[White "Archon"]
[Black "tacticrules"]
[Result "1-0"]
[WhiteCountry "CAN"]
[BlackCountry "GER"]
[WhiteElo "1740"]
[WhiteRD "56"]
[BlackElo "1563"]
[BlackRD "71"]
[GameID "167026"]

1. Nf3 Nf6 2. c4 c5 3. g3 b6 4. Bg2 Bb7 5. O-O e6 6. Nc3 Be7 7. d4 cxd4 8. Qxd4 d6 9. Bg5 Nbd7 10. Nb5 e5
11. Nxd6+ Bxd6 12. Qxd6 Qe7 13. Qxe7+ Kxe7 14. Rfd1 h6 15. Bxf6+ gxf6 16. Nh4 Bxg2 17. Kxg2 Rac8 18. b3 Nc5 19. Nf5+ Kf8 20. Rd2 a5
21. Rad1 Ne4 22. Rd8+
1-0

[Event "Take it easy"]
[Site "SchemingMind.com"]
[Date "2008.08.13"]
[Round "-"]
[White "sthorwall"]
[Black "tacticrules"]
[Result "1-0"]
[WhiteCountry "USA"]
[BlackCountry "GER"]
[WhiteElo "1700"]
[WhiteRD "75"]
[BlackElo "1563"]
[BlackRD "71"]
[GameID "167027"]

1. d4 d5 2. Nc3 e6 3. e4 Nf6 4. e5 Nfd7 5. Nf3 c5 6. Bg5 Qb6 7. dxc5 Qxb2 8. Nb5 Qb4+ 9. Qd2 Qxc5 10. Be3 Qc6
11. Nfd4 Qb6 12. Nxe6
1-0

[Event "Take it easy"]
[Site "SchemingMind.com"]
[Date "2008.08.13"]
[Round "-"]
[White "echecs"]
[Black "fouche"]
[Result "1-0"]
[WhiteCountry "ENG"]
[BlackCountry "COL"]
[WhiteElo "1804"]
[WhiteRD "59"]
[BlackElo "1682"]
[BlackRD "70"]
[GameID "167069"]

1. e4 c6 2. d4 d5 3. Nc3 dxe4 4. Nxe4 Nf6 5. Nxf6+ gxf6 6. c3 e5 7. Nf3 Bd6 8. Be2 Bg4 9. dxe5 fxe5 10. h3 Bh5
11. Be3 Qc7 12. Qb3 Bxf3 13. Bxf3 Nd7 14. O-O-O b6 15. Bh5 O-O-O 16. Qxf7 Kb7 17. Qe6 Bc5 18. Bg5 Bxf2 19. Bxd8 Rxd8 20. Be8
1-0

[Event "Take it easy"]
[Site "SchemingMind.com"]
[Date "2008.08.12"]
[Round "-"]
[White "echecs"]
[Black "jake"]
[Result "1-0"]
[WhiteCountry "ENG"]
[BlackCountry "USA"]
[WhiteElo "1780"]
[WhiteRD "60"]
[BlackElo "990"]
[BlackRD "73"]
[GameID "167070"]

1. e4 Nf6 2. e5 Ne4 3. d3 Nxf2 4. Kxf2 e6 5. Nf3 Bc5+ 6. d4 Bb6 7. c3 Nc6 8. Bc4 Nxe5 9. Nxe5 Qh4+ 10. g3 Qh3
11. Qf3 d6 12. Qxf7+ Kd8 13. Bg5#
1-0

[Event "Take it easy"]
[Site "SchemingMind.com"]
[Date "2008.08.12"]
[Round "-"]
[White "echecs"]
[Black "tacticrules"]
[Result "1-0"]
[WhiteCountry "ENG"]
[BlackCountry "GER"]
[WhiteElo "1827"]
[WhiteRD "58"]
[BlackElo "1587"]
[BlackRD "68"]
[GameID "167071"]

1. e4 c5 2. c3 d5 3. Qa4+ Bd7 4. Bb5 e6 5. Nf3 dxe4 6. Bxd7+ Qxd7 7. Qxe4 Nf6 8. Qe2 Bd6 9. d4 O-O 10. O-O cxd4
11. Nxd4 Nc6 12. Be3 Rac8 13. Nd2 e5 14. Nb5 a6 15. Nxd6 Qxd6 16. Nb3 Rfd8 17. Bg5 h6 18. Bh4 Qe6 19. Nc5 Qe7 20. Ne4 g5
21. Nxf6+ Qxf6 22. Bg3 Rd7 23. Rfe1 Re8 24. Qe4 h5 25. h3 h4 26. Bh2 Qg6 27. Qxg6+ fxg6 28. Re2 Rde7 29. Re4 Kg7 30. Rae1 Kf6
31. g3 hxg3 32. Bxg3 b5 33. h4 Kf5 34. hxg5 a5 35. Kg2 b4 36. cxb4 axb4 37. a3 bxa3 38. bxa3 Nd4 39. a4 Nb3 40. Rb4 Nc5
41. Ra1 Na6 42. Rc4 Kxg5 43. Bh4+
1-0

[Event "Take it easy"]
[Site "SchemingMind.com"]
[Date "2008.08.12"]
[Round "-"]
[White "echecs"]
[Black "Archon"]
[Result "0-1"]
[WhiteCountry "ENG"]
[BlackCountry "CAN"]
[WhiteElo "1827"]
[WhiteRD "58"]
[BlackElo "1718"]
[BlackRD "54"]
[GameID "167072"]

1. e4 d6 2. d4 Nf6 3. Nc3 g6 4. f4 Bg7 5. Nf3 c5 6. d5 O-O 7. Bc4 b5 8. Bxb5 Nxe4 9. Nxe4 Qa5+ 10. Nc3 Bxc3+
11. bxc3 Qxb5 12. Bd2 Qc4 13. Qe2 Qxe2+ 14. Kxe2 Bg4 15. Kf2 Bxf3 16. Kxf3 Nd7 17. Rhe1 Rfe8 18. Red1 Nb6 19. Be1 Nc4 20. g3 Rab8
21. Rdc1 Rb2 22. a4 a5 23. Ke4 e6 24. h3 Rbb8 25. Ra2 Rb2 26. Raa1 Kf8 27. g4 f5+ 28. gxf5 gxf5+ 29. Kf3 exd5 30. Kg3 Kf7
31. Kh4 Rg8 32. Bg3 Nd2 33. Ra3 Nf3+
0-1

[Event "Take it easy"]
[Site "SchemingMind.com"]
[Date "2008.08.13"]
[Round "-"]
[White "echecs"]
[Black "sthorwall"]
[Result "1-0"]
[WhiteCountry "ENG"]
[BlackCountry "USA"]
[WhiteElo "1804"]
[WhiteRD "59"]
[BlackElo "1700"]
[BlackRD "75"]
[GameID "167073"]

1. e4 c5 2. c3 Nc6 3. d4 d5 4. exd5 Qxd5 5. Nf3 Qh5 6. Be2 e5 7. dxc5 Bxc5 8. Qd5 Be7 9. O-O Nf6 10. Qb5 a6
11. Qa4 O-O 12. Re1 Be6 13. Nh4 Ng4 14. Nf3 e4 15. Qxe4 Bc5 16. Be3 Bd5 17. Qf4 Nxe3 18. fxe3 Rae8 19. Nd4 Qg6 20. Bf3 Qd6
21. Qxd6 Bxd6 22. Bxd5 Bf4 23. e4 Ne5 24. Na3 b5 25. Nac2 Nd3 26. Rf1 Bg5 27. Rab1 Nc5 28. Rfe1 Bf4 29. Nb4 Kh8 30. Ndc6 Bc7
31. Rbd1
1-0

[Event "Take it easy"]
[Site "SchemingMind.com"]
[Date "2008.08.16"]
[Round "-"]
[White "fouche"]
[Black "echecs"]
[Result "0-1"]
[WhiteCountry "COL"]
[BlackCountry "ENG"]
[WhiteElo "1645"]
[WhiteRD "70"]
[BlackElo "1827"]
[BlackRD "58"]
[GameID "167074"]

1. d4 e6 2. c4 Nf6 3. Nc3 d5 4. Nf3 Be7 5. e3 c5 6. cxd5 cxd4 7. exd4 Nxd5 8. Bd3 Nc6 9. O-O Ndb4 10. Bb1 Bf6
11. a3 Nd5 12. Re1 O-O 13. Qd3 g6 14. Ne4 Bg7 15. Be3 Nxe3 16. fxe3 b6 17. Ba2 Bb7 18. Rad1 Qc7 19. Nf2 Rad8 20. b4 a5
21. b5 Ne7 22. Rc1 Qd7 23. Rc2 Nf5 24. Rd2 Bh6 25. Ng4 Bg7 26. Nfe5 Qc7 27. a4 h5 28. Nxg6 fxg6 29. Bxe6+ Kh7 30. Nf2 Nh4
31. Bh3 Be5 32. Qc2 Bxh2+ 33. Kh1 Bg3 34. Qxc7+ Bxc7 35. Nd3 Nf5 36. Bxf5 Rxf5 37. e4 Rf7 38. d5 Bg3 39. Rc1 Bxd5 40. exd5 Rxd5
41. Rcd1 Rfd7 42. Kg1 Bf4 43. Nxf4 Rxd2 44. Rxd2 Rxd2
0-1

[Event "Take it easy"]
[Site "SchemingMind.com"]
[Date "2008.08.16"]
[Round "-"]
[White "jake"]
[Black "echecs"]
[Result "0-1"]
[WhiteCountry "USA"]
[BlackCountry "ENG"]
[WhiteElo "997"]
[WhiteRD "72"]
[BlackElo "1804"]
[BlackRD "59"]
[GameID "167075"]

1. e3 Nf6 2. Nc3 d5 3. Qf3 e5 4. Bb5+ c6 5. Bd3 e4 6. Nxe4 dxe4 7. Bxe4 Bd6 8. Bf5 O-O 9. b3 Bxf5 10. Qxf5 Nbd7
11. Bb2 Re8 12. Nf3 g6 13. Bxf6 Qxf6 14. Qxf6 Nxf6 15. O-O Rad8 16. Nd4 a6 17. c4 Be5 18. Nf3 Bxa1 19. Rxa1 Ne4 20. d3 Rxd3
21. Nh4 Rd2 22. Nf3 Rxf2 23. Nd4 Rb2 24. Nf3 Nc3 25. Rc1 Ne2+
0-1

[Event "Take it easy"]
[Site "SchemingMind.com"]
[Date "2008.08.16"]
[Round "-"]
[White "tacticrules"]
[Black "echecs"]
[Result "1-0"]
[WhiteCountry "GER"]
[BlackCountry "ENG"]
[WhiteElo "1587"]
[WhiteRD "68"]
[BlackElo "1827"]
[BlackRD "58"]
[GameID "167076"]

1. e4 Nf6 2. Nc3 d5 3. exd5 Nxd5 4. d4 Bf5 5. Nxd5 Qxd5 6. c4 Qe4+ 7. Ne2 Nc6 8. a3 O-O-O 9. Be3 e5 10. d5 a6
11. Ng3 Qg4 12. Qxg4 Bxg4 13. dxc6 bxc6 14. f3 Be6 15. Be2 Kb7 16. Kf2 Be7 17. Ne4 Bf5 18. Rhd1 Rb8 19. b4 f6 20. Nc5+ Bxc5
21. Bxc5 Rhe8 22. g4 Be6 23. Be3 g5 24. Bd3 Rh8 25. Be4 Bxc4 26. Rac1 Bb3 27. Bxc6+ Kc8 28. Rd3 Be6 29. Ba7 h5 30. Bxb8 Kxb8
31. h3 hxg4 32. hxg4 Rh2+ 33. Kg3 Rh7 34. Bd7 Bxd7 35. Rcd1 Bb5 36. Rd8+ Kb7 37. Rf8 Rh6 38. Rdd8 Bc6 39. Rh8 Rg6 40. Rdg8 Rxg8
41. Rxg8 e4 42. fxe4 Bxe4 43. Rf8 Kb6 44. Rxf6+ Kb5 45. Re6 Bc2 46. Re5+ Ka4 47. Ra5+ Kb3 48. Rxa6 Bd1 49. Ra7 c6 50. Ra6 Be2
51. Rxc6 Kxa3 52. Rb6 Ka4 53. Rb8 Bb5 54. Rg8 Kxb4 55. Rxg5 Bd3 56. Kf4 Kc4 57. Ke5 Kc5 58. Rg7 Kc6 59. g5 Bc4 60. Rh7 Bg8
61. Rh8 Bb3 62. Kf6 Kd7 63. g6
1-0

[Event "Take it easy"]
[Site "SchemingMind.com"]
[Date "2008.08.16"]
[Round "-"]
[White "Archon"]
[Black "echecs"]
[Result "0-1"]
[WhiteCountry "CAN"]
[BlackCountry "ENG"]
[WhiteElo "1718"]
[WhiteRD "54"]
[BlackElo "1827"]
[BlackRD "58"]
[GameID "167077"]

1. e4 Nf6 2. e5 Nd5 3. d4 d6 4. c4 Nb6 5. exd6 cxd6 6. Nc3 g6 7. Be3 Bg7 8. Rc1 O-O 9. b3 Nc6 10. d5 Ne5
11. Be2 Nbd7 12. Nf3 Nxf3+ 13. Bxf3 Qa5 14. Bd4 Bxd4 15. Qxd4 Ne5 16. Be2 a6 17. O-O Rb8 18. Rfe1 Re8 19. Bf1 Bf5 20. Re3 Qa3
21. Rce1 h5 22. Be2 Rbd8 23. Rg3 Kh7 24. h3 Qb4 25. Bxh5 gxh5 26. Rxe5 dxe5 27. Qxe5 Bg6 28. Ne4 Qe1+ 29. Kh2 Qxe4
0-1

[Event "Take it easy"]
[Site "SchemingMind.com"]
[Date "2008.08.16"]
[Round "-"]
[White "sthorwall"]
[Black "echecs"]
[Result "1-0"]
[WhiteCountry "USA"]
[BlackCountry "ENG"]
[WhiteElo "1700"]
[WhiteRD "75"]
[BlackElo "1804"]
[BlackRD "59"]
[GameID "167078"]

1. g3 Nf6 2. Bg2 d5 3. Nf3 Nc6 4. d4 e6 5. Nc3 Be7 6. Bf4 a6 7. O-O O-O 8. Qd3 Nb4 9. Qd2 c5 10. Rad1 Nc6
11. dxc5 Bxc5 12. a3 b5 13. b4 Bb6 14. e4 dxe4 15. Qe1 Nd7 16. Qxe4 Bb7 17. Ng5 g6 18. Nxe6 fxe6 19. Qxe6+ Rf7 20. Bd5 Qe7
21. Qxf7+
1-0

[Event "Take it easy"]
[Site "SchemingMind.com"]
[Date "2008.08.18"]
[Round "-"]
[White "janez"]
[Black "fouche"]
[Result "0-1"]
[WhiteCountry "SLO"]
[BlackCountry "COL"]
[WhiteElo "1582"]
[WhiteRD "67"]
[BlackElo "1571"]
[BlackRD "53"]
[GameID "167357"]

1. e4 e6 2. Nf3 d5 3. e5 c5 4. d3 Nc6 5. Be2 Nge7 6. O-O Ng6 7. d4 cxd4 8. Nxd4 Ngxe5 9. Bf4 Bd6 10. Nxc6 bxc6
11. Bg3 a5 12. a4 O-O 13. h3 Ba6 14. Re1 Ng6 15. Bxd6 Qxd6 16. Bxa6 Rxa6 17. c4 Rb6 18. b3 Rfb8 19. Nd2 Rb4 20. Rb1 dxc4
21. bxc4 Rxb1 22. Nxb1 Qxd1 23. Rxd1 Kf8 24. c5 Ke7 25. g3 Rb4 26. Rd6 Rxa4 27. Kg2 Rc4 28. Rxc6 Kd7 29. Rd6+ Kc7 30. Ra6 Rxc5
31. Ra7+ Kb6 32. Rxf7 a4 33. Rxg7 Rc7 34. Rg8 Ra7 35. Na3 Kc5 36. Rb8 Ne5 37. Rb5+ Kd4 38. Rb6 Kd5 39. Rb5+ Kd4 40. Rb6 Nc4
41. Nxc4 Kxc4 42. Rxe6 a3 43. Re1 a2 44. Ra1 Kb3 45. Kf3 Kb2 46. Re1 a1=Q 47. Rxa1 Kxa1 48. Kg4 Kb2 49. f4 Kc3 50. f5 Kd4
51. Kf4 Kd5 52. g4 h6 53. h4 Ra4+ 54. Kf3 Ke5 55. h5 Kf6 56. Kg3 Kg5 57. f6 Kxf6
0-1